000 00496cam a2200181ua 4500
020 _a0-02-424210-1
041 _aeng
_h
082 _a519.02462
_bWAL/PR
100 _aWalpole, Ronald E .
245 _aProbability and statistics for engineers and students /
_cRonald E Walpole.
_hTextual Documents
250 _a4 /
_b.
260 _aNew York :
_bMcMillan Publishing Co ,
_c1972.
300 _a765 ; .
504 _a
700 1 _aMyers, Raymond H .
942 _cBK
999 _c6205
_d6205